[Event "DEM U18w 2008"]
[Site "Willingen GER"]
[Date "2008.05.14"]
[Round "6"]
[White "Zikeli, Saskia"]
[Black "Ohme, Melanie"]
[Result "0-1"]
[Termination "normal"]
[Board "1"]
[BlackTitle "FM"]
[WhiteElo "2053"]
[BlackElo "2248"]
[PlyCount "86"]
[WhiteFideId "24601543"]
[BlackFideId "4690745"]
[EventCountry "GER"]
[EventRounds "9"]
[EventType "swiss"]
[EventDate "2008.05.10"]

1. c4 c5 2. g3 g6 3. Bg2 Bg7 4. Nc3 Nc6 5. Nf3 e6 6. O-O Nge7 7. d4 Nxd4 8.
Nxd4 cxd4 9. Nb5 Qb6 10. a4 Nf5 11. c5 Qd8 12. g4 a6 13. Na3 Nh4 14. Bh1 h5 15.
g5 Qc7 16. b4 Nf5 17. Ra2 O-O 18. Nc4 d6 19. e4 dxe3 20. Nxe3 Nxe3 21. Bxe3 d5
22. Qd2 d4 23. Bf4 e5 24. Bg3 Be6 25. Ra3 Rad8 26. f4 exf4 27. Bxf4 Qd7 28. Rc1
Rc8 29. Bf3 Bd5 30. Bxd5 Qxd5 31. Qg2 Qf5 32. Bd6 Rfe8 33. Rf1 Qe4 34. Qxe4
Rxe4 35. h3 Re3 36. Rxe3 dxe3 37. Re1 Bc3 38. Re2 Bxb4 39. Rc2 e2 40. Rxe2
Bxc5+ 41. Bxc5 Rxc5 42. Rb2 Rxg5+ 43. Kf2 Ra5 0-1

[Event "DEM U18w 2008"]
[Site "Willingen GER"]
[Date "2008.05.14"]
[Round "6"]
[White "Hannes, Diana"]
[Black "Remy, Janina"]
[Result "1/2-1/2"]
[Termination "normal"]
[Board "2"]
[WhiteElo "1976"]
[BlackElo "1963"]
[PlyCount "71"]
[WhiteFideId "24611344"]
[BlackFideId "24627348"]
[EventCountry "GER"]
[EventRounds "9"]
[EventType "swiss"]
[EventDate "2008.05.10"]

1. e4 c6 2. Nc3 d5 3. Nf3 dxe4 4. Nxe4 Nd7 5. Bc4 e6 6. d4 Nb6 7. Bd3 h6 8. Qe2
Nf6 9. Bd2 Nbd5 10. a3 Qc7 11. c4 Nxe4 12. Bxe4 Nf6 13. Bc2 c5 14. Bc3 cxd4 15.
Bxd4 Be7 16. O-O Bd7 17. Be5 Bd6 18. Bxd6 Qxd6 19. Rfd1 Qc7 20. Ne5 O-O 21.
Nxd7 Nxd7 22. b4 Nf6 23. Rac1 Rfd8 24. h3 Rxd1+ 25. Rxd1 Rd8 26. Rxd8+ Qxd8 27.
Qd3 Qxd3 28. Bxd3 Kf8 29. Kf1 Ke7 30. Ke2 b6 31. Ke3 Kd6 32. Be2 Nd7 33. Kd4
e5+ 34. Ke4 g6 35. Ke3 Nf8 36. f4 1/2-1/2

[Event "DEM U18w 2008"]
[Site "Willingen GER"]
[Date "2008.05.14"]
[Round "6"]
[White "van Orsouw, Svenja"]
[Black "Mucha, Annegret"]
[Result "1/2-1/2"]
[Termination "normal"]
[Board "3"]
[BlackTitle "CM"]
[WhiteElo "1645"]
[BlackElo "1945"]
[PlyCount "106"]
[WhiteFideId "24677124"]
[BlackFideId "24622788"]
[EventCountry "GER"]
[EventRounds "9"]
[EventType "swiss"]
[EventDate "2008.05.10"]

1. e4 c5 2. Nf3 d6 3. d4 cxd4 4. Nxd4 Nf6 5. Nc3 a6 6. Be3 e5 7. Nb3 Be6 8. f3
Be7 9. Qd2 O-O 10. O-O-O Nbd7 11. g4 b5 12. g5 b4 13. Ne2 Ne8 14. Ng3 a5 15.
Kb1 Nb6 16. Nf5 Nc4 17. Bxc4 Bxc4 18. f4 Be6 19. Nxe7+ Qxe7 20. f5 Bxb3 21.
axb3 Qb7 22. Qd5 Qxd5 23. Rxd5 f6 24. h4 Ra6 25. Rb5 Rf7 26. g6 Re7 27. h5 Ra8
28. Rd1 h6 29. Rdd5 a4 30. Rxb4 axb3 31. cxb3 Rd7 32. Bb6 Rb7 33. Bc5 Rd7 34.
Ra4 Rb8 35. Ra6 Rbd8 36. Bb4 Nc7 37. Rdxd6 Nxa6 38. Rxa6 Rd4 39. Be7 Rc8 40. b4
Rxe4 41. b5 Rd4 42. b6 Rd7 43. Ra7 Rxa7 44. bxa7 e4 45. Bc5 e3 46. Bxe3 Kf8 47.
b4 Ke8 48. Bc5 Kd7 49. Kc2 Kc6 50. Kd3 Kb7 51. Ke4 Re8+ 52. Kd5 Re5+ 53. Kd6
Re8 1/2-1/2

[Event "DEM U18w 2008"]
[Site "Willingen GER"]
[Date "2008.05.14"]
[Round "6"]
[White "Mader, Manuela"]
[Black "Hingst, Silke"]
[Result "1-0"]
[Termination "normal"]
[Board "4"]
[WhiteTitle "FM"]
[WhiteElo "2161"]
[BlackElo "1752"]
[PlyCount "86"]
[WhiteFideId "24612928"]
[BlackFideId "4624564"]
[EventCountry "GER"]
[EventRounds "9"]
[EventType "swiss"]
[EventDate "2008.05.10"]

1. Nf3 f5 2. d4 Nf6 3. g3 g6 4. Bg2 Bg7 5. O-O O-O 6. b4 d5 7. c4 dxc4 8. Na3
c3 9. Qb3+ Kh8 10. Ng5 e6 11. Nxe6 Bxe6 12. Qxe6 Re8 13. Qc4 Ne4 14. Be3 Nc6
15. Nc2 Qe7 16. Rad1 a5 17. b5 Nb4 18. Bxe4 Qxe4 19. Nxb4 axb4 20. Qxb4 c2 21.
Rd3 Rxa2 22. Rc1 Rea8 23. Qc4 Bf8 24. f3 Qe8 25. Rb3 R8a3 26. Bf4 Ra1 27. Rxa3
Rxc1+ 28. Bxc1 Bxa3 29. Bxa3 Qe3+ 30. Kg2 Qxa3 31. Qxc2 Qe7 32. Kf2 Qd7 33. Qc5
Kg7 34. e4 fxe4 35. Qe5+ Kg8 36. fxe4 Qf7+ 37. Ke3 Qb3+ 38. Kf4 Qc3 39. Qd5+
Kg7 40. Ke5 Qc2 41. Qxb7 Qxh2 42. Qxc7+ Kh6 43. Kf6 Qf2+ 1-0

[Event "DEM U18w 2008"]
[Site "Willingen GER"]
[Date "2008.05.14"]
[Round "6"]
[White "Jussupow, Ekaterina"]
[Black "Jehle, Anja"]
[Result "1-0"]
[Termination "normal"]
[Board "5"]
[WhiteElo "2046"]
[BlackElo "1968"]
[PlyCount "103"]
[WhiteFideId "24625400"]
[BlackFideId "24631434"]
[EventCountry "GER"]
[EventRounds "9"]
[EventType "swiss"]
[EventDate "2008.05.10"]

1. d4 Nf6 2. Nf3 g6 3. c4 Bg7 4. Nc3 d6 5. Bg5 O-O 6. e3 c5 7. d5 h6 8. Bh4 g5
9. Bg3 Nh5 10. Bd3 Nxg3 11. hxg3 e6 12. Qc2 f5 13. dxe6 Bxe6 14. O-O-O Na6 15.
a3 Nc7 16. e4 Qf6 17. exf5 Bxf5 18. Bxf5 Qxf5 19. Qxf5 Rxf5 20. Rxd6 g4 21. Nh2
h5 22. f3 Be5 23. fxg4 Rg5 24. Rh6 hxg4 25. Rh4 Bxg3 26. Rxg4 Ne6 27. Ne4 Rxg4
28. Nxg4 Bf4+ 29. Kb1 b6 30. Ngf6+ Kf7 31. Nd5 Be5 32. g4 Rg8 33. Rf1+ Kg7 34.
Rf5 Bd4 35. Nd6 Rh8 36. Rh5 Rxh5 37. gxh5 Be5 38. Nf5+ Kh7 39. Nfe7 Nd4 40. Nc8
Nc6 41. Nde7 Nxe7 42. Nxe7 Kh6 43. Nc6 Bf6 44. Nxa7 Kxh5 45. Kc2 Kg5 46. Kb3
Kf5 47. Nc8 Bd8 48. Ka4 Ke4 49. Kb5 Bf6 50. b3 Kd3 51. Nxb6 Kc2 52. b4 1-0

[Event "DEM U18w 2008"]
[Site "Willingen GER"]
[Date "2008.05.14"]
[Round "6"]
[White "Vollak, Marleen"]
[Black "Breitwieser, Jasmin"]
[Result "1-0"]
[Termination "normal"]
[Board "6"]
[WhiteElo "1858"]
[BlackElo "1506"]
[PlyCount "79"]
[WhiteFideId "24624233"]
[BlackFideId "24601705"]
[EventCountry "GER"]
[EventRounds "9"]
[EventType "swiss"]
[EventDate "2008.05.10"]

1. e4 c5 2. Nc3 d6 3. g3 g6 4. Bg2 Bg7 5. d3 Nc6 6. Be3 Nf6 7. Qd2 O-O 8. Bh6
Rb8 9. h4 b5 10. h5 Ne5 11. Bxg7 Kxg7 12. hxg6 fxg6 13. Qh6+ Kf7 14. Nh3 Bxh3
15. Rxh3 Neg4 16. Qf4 Ke8 17. f3 Ne5 18. Qe3 Qa5 19. Ke2 e6 20. Rhh1 Nh5 21. f4
Nc6 22. Kd1 b4 23. Ne2 b3 24. Qd2 Qxd2+ 25. Kxd2 bxc2 26. Kxc2 Nb4+ 27. Kc3 Rf7
28. Bh3 Ng7 29. g4 d5 30. e5 d4+ 31. Kd2 Nd5 32. b3 Nxf4 33. Rac1 Rc8 34. Nxd4
Rd7 35. Ne2 Rxd3+ 36. Kc2 Rxh3 37. Nxf4 Rf3 38. Rxh7 Rxf4 39. Rxg7 c4 40. b4
1-0

[Event "DEM U18w 2008"]
[Site "Willingen GER"]
[Date "2008.05.14"]
[Round "6"]
[White "Lorenz, Nicole"]
[Black "Strößner, Lena"]
[Result "0-1"]
[Termination "normal"]
[Board "7"]
[WhiteElo "1824"]
[BlackElo "1895"]
[PlyCount "130"]
[WhiteFideId "24623709"]
[BlackFideId "4623525"]
[EventCountry "GER"]
[EventRounds "9"]
[EventType "swiss"]
[EventDate "2008.05.10"]

1. e4 e6 2. d4 d5 3. Nc3 Bb4 4. exd5 exd5 5. Bd3 Nc6 6. a3 Be7 7. Nge2 Nf6 8.
O-O Bg4 9. f3 Be6 10. Bf4 Nh5 11. Be3 Qd7 12. Qd2 O-O-O 13. Bb5 h6 14. Na4 g5
15. Nc5 Qe8 16. Nd3 f6 17. Nb4 Bd6 18. Nxc6 bxc6 19. Bd3 Ng7 20. Bf2 h5 21.
Ba6+ Kd7 22. Bg3 Bxg3 23. Nxg3 Qg6 24. Qc3 Rb8 25. Bd3 Qh6 26. Rae1 f5 27. f4
h4 28. Ne2 Rbe8 29. Qd2 gxf4 30. Qxf4 Qg6 31. Qf3 Rhf8 32. Nf4 Qg4 33. Re3 Rb8
34. b3 Rf6 35. Rfe1 Rbf8 36. h3 Qg5 37. Re5 Kd6 38. Qe3 Re8 39. Nxd5 Qxe3+ 40.
Nxe3 Ref8 41. Ra5 f4 42. Nc4+ Bxc4 43. Bxc4 Nf5 44. d5 Ne3 45. dxc6 Nxc4 46.
bxc4 f3 47. Rd1+ Kxc6 48. Ra6+ Kc5 49. Rxf6 Rxf6 50. Rf1 Rf4 51. Rxf3 Rxc4 52.
Rf5+ Kb6 53. Rh5 c5 54. Rg5 Rxc2 55. Rg4 c4 56. Rxh4 Kb5 57. g4 c3 58. Rh8 Rd2
59. Rc8 c2 60. h4 Rd1+ 61. Kf2 c1=Q 62. Rxc1 Rxc1 63. Ke3 Rf1 64. Ke4 Kc6 65.
h5 Kd7 0-1

[Event "DEM U18w 2008"]
[Site "Willingen GER"]
[Date "2008.05.14"]
[Round "6"]
[White "Billing, Tanja"]
[Black "Farokhpey, Sarah"]
[Result "1/2-1/2"]
[Termination "normal"]
[Board "8"]
[WhiteElo "1816"]
[BlackElo "1483"]
[PlyCount "31"]
[WhiteFideId "24647993"]
[EventCountry "GER"]
[EventRounds "9"]
[EventType "swiss"]
[EventDate "2008.05.10"]

1. d4 Nf6 2. c4 e6 3. Nc3 Bb4 4. Bg5 c5 5. d5 h6 6. Bh4 Nxd5 7. Bxd8 Nxc3 8.
Qb3 Ne4+ 9. Kd1 Nxf2+ 10. Kc1 Kxd8 11. Qg3 Nxh1 12. Qxg7 Re8 13. Qf6+ Re7 14.
Qh8+ Re8 15. Qf6+ Re7 16. Qh8+ 1/2-1/2

[Event "DEM U18w 2008"]
[Site "Willingen GER"]
[Date "2008.05.14"]
[Round "6"]
[White "Zemella, Jennifer"]
[Black "Erben, Larissa"]
[Result "1/2-1/2"]
[Termination "normal"]
[Board "9"]
[WhiteElo "2000"]
[BlackElo "1942"]
[PlyCount "45"]
[WhiteFideId "24636096"]
[BlackFideId "24634590"]
[EventCountry "GER"]
[EventRounds "9"]
[EventType "swiss"]
[EventDate "2008.05.10"]

1. e4 c5 2. c3 Nf6 3. e5 Nd5 4. d4 cxd4 5. cxd4 e6 6. Nf3 d6 7. Bc4 Nb6 8. Bb3
dxe5 9. dxe5 Qxd1+ 10. Bxd1 Nc6 11. O-O Be7 12. Nc3 Nb4 13. Be2 Bd7 14. Rd1 O-O
15. Bg5 Bxg5 16. Nxg5 a6 17. Rac1 Bc6 18. Bf3 Rfd8 19. Bxc6 Nxc6 20. f4 Nc4 21.
b3 Ne3 22. Rxd8+ Rxd8 23. Nge4 1/2-1/2

[Event "DEM U18w 2008"]
[Site "Willingen GER"]
[Date "2008.05.14"]
[Round "6"]
[White "Karmann, Anna"]
[Black "Günnigmann, Laura"]
[Result "1/2-1/2"]
[Termination "normal"]
[Board "10"]
[WhiteElo "1891"]
[BlackElo "1833"]
[PlyCount "82"]
[WhiteFideId "24648000"]
[EventCountry "GER"]
[EventRounds "9"]
[EventType "swiss"]
[EventDate "2008.05.10"]

1. c4 e5 2. g3 d6 3. Bg2 g6 4. Nc3 Bg7 5. e3 Nc6 6. Nge2 Nh6 7. d3 O-O 8. O-O
Be6 9. Nd5 Qd7 10. Rb1 Bh3 11. e4 Bxg2 12. Kxg2 f6 13. b4 g5 14. b5 Nd8 15. h3
Ne6 16. g4 Nf4+ 17. Nexf4 gxf4 18. f3 Nf7 19. Bd2 Ng5 20. Be1 h5 21. Bh4 hxg4
22. hxg4 Ne6 23. Rh1 Kf7 24. Qd2 Rh8 25. Bf2 Bh6 26. Rh5 Rh7 27. Rbh1 Rah8 28.
Qa5 c6 29. bxc6 bxc6 30. Nc3 Kg6 31. Rb1 Bg5 32. Qxa7 Qxa7 33. Bxa7 Rxh5 34.
gxh5+ Rxh5 35. Bb8 Bh4 36. Bxd6 Rg5+ 37. Kh1 Nd4 38. Rf1 Rg3 39. Bc5 Rh3+ 40.
Kg2 Rg3+ 41. Kh1 Rh3+ 1/2-1/2

[Event "DEM U18w 2008"]
[Site "Willingen GER"]
[Date "2008.05.14"]
[Round "6"]
[White "Nekrassova, Ekatherina"]
[Black "Franzenburg, Maria"]
[Result "0-1"]
[Termination "normal"]
[Board "11"]
[WhiteElo "1784"]
[BlackElo "1826"]
[PlyCount "46"]
[WhiteFideId "24636266"]
[BlackFideId "24667102"]
[EventCountry "GER"]
[EventRounds "9"]
[EventType "swiss"]
[EventDate "2008.05.10"]

1. e4 e6 2. d4 d5 3. exd5 exd5 4. Bd3 c5 5. dxc5 Bxc5 6. Ne2 Nf6 7. O-O O-O 8.
Bg5 Qb6 9. Bxf6 Qxf6 10. Nbc3 Be6 11. Qd2 Nc6 12. Nf4 Bb4 13. Rfd1 Bxc3 14.
bxc3 Ne7 15. Rab1 Rab8 16. Rb4 Rfc8 17. Rd4 Rc5 18. Re1 Nc6 19. Nh5 Qd8 20. Rf4
d4 21. Bxh7+ Kxh7 22. Qd3+ Kg8 23. Qg3 Rxh5 0-1

[Event "DEM U18w 2008"]
[Site "Willingen GER"]
[Date "2008.05.14"]
[Round "6"]
[White "Voss, Janine"]
[Black "Benzen, Marthe"]
[Result "1/2-1/2"]
[Termination "normal"]
[Board "12"]
[WhiteElo "1869"]
[BlackElo "1829"]
[PlyCount "57"]
[WhiteFideId "24677329"]
[BlackFideId "24647764"]
[EventCountry "GER"]
[EventRounds "9"]
[EventType "swiss"]
[EventDate "2008.05.10"]

1. e4 Nc6 2. Nf3 Nf6 3. Nc3 d5 4. exd5 Nxd5 5. d3 e5 6. Be2 Bb4 7. Bd2 Bf5 8.
O-O O-O 9. Re1 Nxc3 10. bxc3 Bc5 11. Rb1 b6 12. Bg5 f6 13. Bh4 Kh8 14. Nd2 Ne7
15. Bf3 Rc8 16. Ne4 Bd6 17. c4 Ng6 18. Bg3 Be6 19. h3 f5 20. Nc3 c6 21. Bh5 f4
22. Bh2 Nh4 23. Ne4 Rc7 24. Bg4 Nf5 25. Kh1 Rcf7 26. Nxd6 Qxd6 27. Bxf5 Rxf5
28. Re4 c5 29. Qe1 1/2-1/2

[Event "DEM U18w 2008"]
[Site "Willingen GER"]
[Date "2008.05.14"]
[Round "6"]
[White "Herbold, Nora Marina"]
[Black "Stein, Simone"]
[Result "1-0"]
[Termination "normal"]
[Board "13"]
[WhiteElo "1674"]
[BlackElo "1416"]
[PlyCount "57"]
[WhiteFideId "4624548"]
[BlackFideId "24692875"]
[EventCountry "GER"]
[EventRounds "9"]
[EventType "swiss"]
[EventDate "2008.05.10"]

1. e4 c5 2. Nf3 d6 3. d4 cxd4 4. Nxd4 Nf6 5. Nc3 g6 6. Be3 Bg7 7. f3 Qb6 8. Nf5
Qxb2 9. Nxg7+ Kf8 10. Bd4 e5 11. Rb1 Qa3 12. Nd5 Nxd5 13. Bxe5 Qa5+ 14. Kf2
dxe5 15. Nh5 Nf4 16. Qd6+ Kg8 17. Rb5 Nd3+ 18. cxd3 Qd2+ 19. Be2 gxh5 20. Rxe5
Be6 21. Qd8+ Kg7 22. Rg5+ Qxg5 23. Qxg5+ Kf8 24. Rb1 b6 25. Rc1 Na6 26. d4 Nb4
27. d5 Bc8 28. Rc7 Rg8 29. Qe7+ 1-0

[Event "DEM U18w 2008"]
[Site "Willingen GER"]
[Date "2008.05.14"]
[Round "6"]
[White "Weiß, Katharina"]
[Black "Pahlau, Janine"]
[Result "1-0"]
[Termination "normal"]
[Board "14"]
[WhiteElo "1653"]
[BlackElo "1187"]
[PlyCount "79"]
[WhiteFideId "24692859"]
[EventCountry "GER"]
[EventRounds "9"]
[EventType "swiss"]
[EventDate "2008.05.10"]

1. e4 e5 2. Nf3 Nc6 3. Nc3 Nf6 4. d4 exd4 5. Nxd4 Bb4 6. Nxc6 bxc6 7. Bd3 d5 8.
exd5 cxd5 9. O-O Bxc3 10. bxc3 O-O 11. Bg5 h6 12. Bh4 Qd6 13. Bg3 Qc5 14. Qf3
Bg4 15. Qf4 c6 16. Bh4 Qxc3 17. Bxf6 Qxf6 18. Qxg4 Rfe8 19. Qf5 Qxf5 20. Bxf5
Re5 21. Bd7 c5 22. Rfd1 Rd8 23. Bc6 d4 24. Bb5 Rb8 25. Rab1 Rb6 26. g3 a6 27.
Bc4 Rxb1 28. Rxb1 a5 29. Rb5 a4 30. Ra5 g6 31. Rxa4 Re7 32. Ra8+ Kg7 33. Rc8
Re1+ 34. Kg2 Rc1 35. Bb3 Re1 36. Rxc5 Re7 37. Rd5 Re4 38. Rd7 h5 39. Rxf7+ Kh6
40. Rf4 1-0

[Event "DEM U18w 2008"]
[Site "Willingen GER"]
[Date "2008.05.15"]
[Round "7"]
[White "Ohme, Melanie"]
[Black "van Orsouw, Svenja"]
[Result "1-0"]
[Termination "normal"]
[Board "1"]
[WhiteTitle "FM"]
[WhiteElo "2248"]
[BlackElo "1645"]
[PlyCount "29"]
[WhiteFideId "4690745"]
[BlackFideId "24677124"]
[EventCountry "GER"]
[EventRounds "9"]
[EventType "swiss"]
[EventDate "2008.05.10"]

1. e4 c5 2. Nf3 Nc6 3. Nc3 Nf6 4. Bb5 Nd4 5. e5 Nxb5 6. Nxb5 Nd5 7. Ng5 e6 8.
Ne4 a6 9. Nbd6+ Bxd6 10. Nxd6+ Kf8 11. d4 Qb6 12. Qh5 g6 13. Bh6+ Ke7 14. Qh4+
f6 15. Bg7 1-0

[Event "DEM U18w 2008"]
[Site "Willingen GER"]
[Date "2008.05.15"]
[Round "7"]
[White "Mucha, Annegret"]
[Black "Hannes, Diana"]
[Result "0-1"]
[Termination "normal"]
[Board "2"]
[WhiteTitle "CM"]
[WhiteElo "1945"]
[BlackElo "1976"]
[PlyCount "78"]
[WhiteFideId "24622788"]
[BlackFideId "24611344"]
[EventCountry "GER"]
[EventRounds "9"]
[EventType "swiss"]
[EventDate "2008.05.10"]

1. e4 c5 2. Nc3 Nc6 3. g3 g6 4. Bg2 Bg7 5. d3 d6 6. Be3 Nd4 7. Qd2 Qa5 8. Nge2
Bg4 9. Bxd4 cxd4 10. Nd5 Qxd2+ 11. Kxd2 Rc8 12. f3 Bd7 13. c3 e6 14. Nb4 dxc3+
15. Nxc3 Ne7 16. Rhc1 Nc6 17. Nxc6 Rxc6 18. Nd1 Rb6 19. Rab1 Ke7 20. b3 Bd4 21.
Nc3 Ra6 22. a4 Rc8 23. Ne2 Rxc1 24. Rxc1 Bc5 25. d4 Bb4+ 26. Ke3 b5 27. Bf1
bxa4 28. Nc3 Rc6 29. Na2 Rxc1 30. Nxc1 axb3 31. Nxb3 a5 32. Nc1 a4 33. Bc4 e5
34. dxe5 dxe5 35. f4 Bc5+ 36. Kd2 Bg1 37. h4 Bf2 38. Nd3 Bxg3 39. Nxe5 Bxf4+
0-1

[Event "DEM U18w 2008"]
[Site "Willingen GER"]
[Date "2008.05.15"]
[Round "7"]
[White "Remy, Janina"]
[Black "Jussupow, Ekaterina"]
[Result "1-0"]
[Termination "normal"]
[Board "3"]
[WhiteElo "1963"]
[BlackElo "2046"]
[PlyCount "59"]
[WhiteFideId "24627348"]
[BlackFideId "24625400"]
[EventCountry "GER"]
[EventRounds "9"]
[EventType "swiss"]
[EventDate "2008.05.10"]

1. e4 e6 2. d4 d5 3. Nc3 Bb4 4. e5 c5 5. Bd2 a6 6. Qg4 Kf8 7. a3 cxd4 8. axb4
dxc3 9. Bxc3 Nd7 10. Nf3 Ne7 11. Bd3 h6 12. h4 f5 13. Qg3 Qe8 14. h5 Nb6 15.
Bd4 Nd7 16. Qh3 Nc6 17. Bc3 d4 18. Nxd4 Ndxe5 19. Nxc6 Nxc6 20. O-O Bd7 21.
Rfe1 Ne7 22. Bc4 Qf7 23. Rad1 Nd5 24. Bxd5 exd5 25. Re5 Kg8 26. Rexd5 Be6 27.
Rd6 Kh7 28. Qg3 Rhg8 29. Qg6+ Kh8 30. Rxe6 1-0

[Event "DEM U18w 2008"]
[Site "Willingen GER"]
[Date "2008.05.15"]
[Round "7"]
[White "Strößner, Lena"]
[Black "Mader, Manuela"]
[Result "0-1"]
[Termination "normal"]
[Board "4"]
[BlackTitle "FM"]
[WhiteElo "1895"]
[BlackElo "2161"]
[PlyCount "88"]
[WhiteFideId "4623525"]
[BlackFideId "24612928"]
[EventCountry "GER"]
[EventRounds "9"]
[EventType "swiss"]
[EventDate "2008.05.10"]

1. Nf3 c5 2. e3 g6 3. d4 cxd4 4. exd4 Bg7 5. c4 d5 6. Nc3 Nf6 7. Bg5 Be6 8. c5
Nc6 9. h3 Ne4 10. Bf4 O-O 11. Bb5 Qa5 12. Bxc6 bxc6 13. Qa4 Qxa4 14. Nxa4 f6
15. O-O Bc8 16. Rfe1 Re8 17. Rac1 Ba6 18. Nc3 e5 19. Bh2 Bh6 20. Rcd1 Nxc3 21.
bxc3 e4 22. Nd2 Bd3 23. Nf1 a5 24. Ne3 a4 25. a3 f5 26. Bc7 Bg5 27. g3 Bd8 28.
Bxd8 Rexd8 29. Ng2 Rdb8 30. Nf4 Bc4 31. Rb1 Rb3 32. Rxb3 axb3 33. Rb1 Rxa3 34.
Ng2 Bd3 35. Rb2 Ra1+ 36. Kh2 Rb1 37. Rd2 b2 38. Ne3 Rh1+ 39. Kxh1 b1=Q+ 40. Kg2
Qc1 41. Ra2 Qxc3 42. Ra8+ Kg7 43. Rc8 Bb5 44. g4 f4 0-1

[Event "DEM U18w 2008"]
[Site "Willingen GER"]
[Date "2008.05.15"]
[Round "7"]
[White "Hingst, Silke"]
[Black "Vollak, Marleen"]
[Result "1-0"]
[Termination "normal"]
[Board "5"]
[WhiteElo "1752"]
[BlackElo "1858"]
[PlyCount "103"]
[WhiteFideId "4624564"]
[BlackFideId "24624233"]
[EventCountry "GER"]
[EventRounds "9"]
[EventType "swiss"]
[EventDate "2008.05.10"]

1. e4 c5 2. Nf3 e6 3. c3 Nf6 4. e5 Nd5 5. d4 cxd4 6. cxd4 d6 7. exd6 Qxd6 8.
Nc3 Nc6 9. Bd3 Be7 10. O-O b6 11. Re1 O-O 12. Bxh7+ Kxh7 13. Ne4 Qd7 14. Nfg5+
Bxg5 15. Bxg5 f6 16. Qf3 Bb7 17. Bf4 Nxd4 18. Qd3 Nf5 19. g4 Qc6 20. Bd6 Rfd8
21. Rac1 Qd7 22. Bg3 Qe8 23. Nd6 Qd7 24. gxf5 exf5 25. Nxb7 Qxb7 26. Qxf5+ Kg8
27. Re4 Re8 28. Rd4 Rad8 29. Rcd1 Re2 30. Rxd5 Rxd5 31. Qxd5+ Qxd5 32. Rxd5
Rxb2 33. a3 Rb3 34. Bd6 Kf7 35. Rd2 Ke6 36. Bf8 g6 37. Rd8 Rc3 38. Kg2 g5 39.
Bb4 Rc4 40. Rd3 Rc2 41. Rc3 Ra2 42. Rc6+ Kf5 43. Be7 g4 44. Rxf6+ Ke5 45. Rg6
Kf5 46. Rg7 a5 47. Bf8 Rb2 48. Rb7 Rb3 49. Bc5 b5 50. Ra7 a4 51. Rb7 Ke4 52.
Bb4 1-0

[Event "DEM U18w 2008"]
[Site "Willingen GER"]
[Date "2008.05.15"]
[Round "7"]
[White "Jehle, Anja"]
[Black "Zikeli, Saskia"]
[Result "1/2-1/2"]
[Termination "normal"]
[Board "6"]
[WhiteElo "1968"]
[BlackElo "2053"]
[PlyCount "58"]
[WhiteFideId "24631434"]
[BlackFideId "24601543"]
[EventCountry "GER"]
[EventRounds "9"]
[EventType "swiss"]
[EventDate "2008.05.10"]

1. d4 Nf6 2. c4 g6 3. Nc3 Bg7 4. e4 d6 5. f3 O-O 6. Be3 c5 7. dxc5 dxc5 8. Qxd8
Rxd8 9. Bxc5 Nc6 10. Nd5 Nd7 11. Nxe7+ Nxe7 12. Bxe7 Bxb2 13. Bxd8 Bc3+ 14. Kd1
Bxa1 15. Nh3 b6 16. Bg5 Ba6 17. Be2 Rc8 18. Kd2 Be5 19. Nf2 Bxc4 20. Rc1 b5 21.
Ng4 Bg7 22. a4 a6 23. axb5 axb5 24. Be3 h5 25. Nf2 Bf8 26. Bd4 Bh6+ 27. Be3
Bxe3+ 28. Kxe3 Nb6 29. Nd1 Kg7 1/2-1/2

[Event "DEM U18w 2008"]
[Site "Willingen GER"]
[Date "2008.05.15"]
[Round "7"]
[White "Franzenburg, Maria"]
[Black "Billing, Tanja"]
[Result "0-1"]
[Termination "normal"]
[Board "7"]
[WhiteElo "1826"]
[BlackElo "1816"]
[PlyCount "68"]
[WhiteFideId "24667102"]
[BlackFideId "24647993"]
[EventCountry "GER"]
[EventRounds "9"]
[EventType "swiss"]
[EventDate "2008.05.10"]

1. e4 c5 2. Nc3 d6 3. g3 Nc6 4. Bg2 g6 5. Nge2 Bg7 6. d3 e6 7. f4 Nge7 8. O-O
O-O 9. g4 d5 10. e5 f6 11. exf6 Bxf6 12. g5 Bg7 13. h4 Nf5 14. Qe1 Nb4 15. Qd1
Nxh4 16. a3 Nc6 17. Ng3 Nxg2 18. Kxg2 Nd4 19. Rh1 Rf7 20. Rh4 b6 21. Be3 Bb7
22. Bxd4 Bxd4 23. Qg4 Bc8 24. Rah1 e5 25. Qf3 Bb7 26. Qg4 exf4 27. Qe6 Qxg5 28.
Rg4 f3+ 29. Kh3 Qxg4+ 30. Qxg4 Bc8 31. Qxc8+ Rxc8 32. Nxd5 Bxb2 33. a4 Rd8 34.
c4 Bd4 0-1

[Event "DEM U18w 2008"]
[Site "Willingen GER"]
[Date "2008.05.15"]
[Round "7"]
[White "Benzen, Marthe"]
[Black "Zemella, Jennifer"]
[Result "1-0"]
[Termination "normal"]
[Board "10"]
[WhiteElo "1829"]
[BlackElo "2000"]
[PlyCount "101"]
[WhiteFideId "24647764"]
[BlackFideId "24636096"]
[EventCountry "GER"]
[EventRounds "9"]
[EventType "swiss"]
[EventDate "2008.05.10"]

1. e4 c5 2. Nc3 a6 3. g3 b5 4. a3 Bb7 5. Bg2 e6 6. Nge2 d5 7. exd5 exd5 8. d4
c4 9. O-O Be7 10. Re1 Nf6 11. Nf4 O-O 12. Bd2 Qd7 13. Ncxd5 Nxd5 14. Nxd5 Bxd5
15. Rxe7 Qc6 16. Bxd5 Qxd5 17. Qg4 Kh8 18. Rae1 a5 19. R1e5 Qd6 20. Bg5 Nc6 21.
Rd7 Nxe5 22. dxe5 Qe6 23. Qd4 Rfe8 24. Bf4 b4 25. Rd6 Qc8 26. a4 c3 27. b3 Qf5
28. Qd1 Kg8 29. Rd5 Qe6 30. Be3 Qf5 31. f4 Qe6 32. Rd3 Qf5 33. Bb6 Qc8 34. Rd7
Qc6 35. Bc7 Ra7 36. Qd6 Qxd6 37. exd6 h6 38. Re7 Rf8 39. Kf2 f6 40. Ke3 Kh7 41.
f5 h5 42. Kf4 Kh6 43. g4 hxg4 44. Kxg4 g6 45. Bb6 Ra6 46. Be3+ g5 47. h4 Rg8
48. hxg5+ fxg5 49. Re6+ Kh7 50. Bxg5 Rg7 51. d7 1-0

[Event "DEM U18w 2008"]
[Site "Willingen GER"]
[Date "2008.05.15"]
[Round "7"]
[White "Günnigmann, Laura"]
[Black "Herbold, Nora Marina"]
[Result "1-0"]
[Termination "normal"]
[Board "11"]
[WhiteElo "1833"]
[BlackElo "1674"]
[PlyCount "57"]
[BlackFideId "4624548"]
[EventCountry "GER"]
[EventRounds "9"]
[EventType "swiss"]
[EventDate "2008.05.10"]

1. e4 c5 2. Nf3 e6 3. d4 cxd4 4. Nxd4 a6 5. Nc3 Qc7 6. Be3 Bb4 7. Nde2 Nf6 8.
f3 Nc6 9. Qd2 d5 10. exd5 Nxd5 11. Bf2 O-O 12. a3 Qa5 13. O-O-O Rd8 14. Qe1 b6
15. axb4 Ncxb4 16. Kb1 Bb7 17. Bd4 Rac8 18. Qg3 Nxc3+ 19. Nxc3 f6 20. Bc4 Kf7
21. Bb3 Bd5 22. Nxd5 Rxd5 23. Bc3 Qc5 24. Bxb4 Qxb4 25. Bxd5 exd5 26. Rxd5 Qc4
27. Rd2 Rc5 28. Qg4 Qb5 29. Qd7+ 1-0

[Event "DEM U18w 2008"]
[Site "Willingen GER"]
[Date "2008.05.15"]
[Round "7"]
[White "Breitwieser, Jasmin"]
[Black "Weiß, Katharina"]
[Result "1/2-1/2"]
[Termination "normal"]
[Board "12"]
[WhiteElo "1506"]
[BlackElo "1653"]
[PlyCount "36"]
[WhiteFideId "24601705"]
[BlackFideId "24692859"]
[EventCountry "GER"]
[EventRounds "9"]
[EventType "swiss"]
[EventDate "2008.05.10"]

1. e4 c5 2. Nf3 d6 3. d4 cxd4 4. Nxd4 Nf6 5. Nc3 g6 6. Be3 Bg7 7. f3 O-O 8. Bc4
Nc6 9. Qd2 Nxd4 10. Bxd4 Be6 11. Bb3 Qa5 12. O-O-O Rfc8 13. Kb1 Bxb3 14. cxb3
Rc6 15. g4 Nd7 16. Bxg7 Kxg7 17. f4 Nb6 18. h4 h5 1/2-1/2